000 00443nam a22001337a 4500
008 140902b xxu||||| |||| 00| 0 eng d
020 _a0406093547
050 _aKD277.7.L39(1939 vol.1)
245 _aThe Law Reports (1939 vol.1) of the incorporated council of law reporting king's bench division ./
_cEdited by A.F.Topman
300 _axiv,762p.:
_c24cm.
440 _pKing's bench division.
_vVol.1
800 _aTopman A.F.
942 _2lcc
_cBK
999 _c4062
_d11562